Simulación del proceso constructivo de una pared de mampostería utilizando el lenguaje de programación Stroboscope
Kaydedildi:
| Yazar: | |
|---|---|
| Materyal Türü: | Kitap |
| Baskı/Yayın Bilgisi: |
[San José, Costa Rica]
2005
|
| Konular: | |
| Etiketler: |
Etiketle
Etiket eklenmemiş, İlk siz ekleyin!
|
MARC
| LEADER | 00000nam a2200000Ia 4500 | ||
|---|---|---|---|
| 003 | 009615 | ||
| 005 | 20221231144126.0 | ||
| 008 | 140114s2005 cr a m 000 ||s d | ||
| 040 | |c cru CEDI | ||
| 090 | |a TFG 5157 | ||
| 100 | |a Villalobos Madrigal, Jorge Eduardo |9 5825 | ||
| 245 | |a Simulación del proceso constructivo de una pared de mampostería utilizando el lenguaje de programación Stroboscope | ||
| 260 | |c 2005 |a [San José, Costa Rica] | ||
| 300 | |a ix, 128 hojas : ilustraciones (algunas a color), fotografías color, 1 plano color | ||
| 500 | |a Proyecto de graduación (licenciatura en ingeniería civil)--Universidad de Costa Rica. [Facultad de Ingeniería]. Escuela de Ingeniería Civil | ||
| 650 | |x MUROS |x DISEÑO DE ESTRUCTURAS |x DISEÑO CON AYUDA DE COMPUTADORA |x PROGRAMACION |9 5826 | ||
| 942 | |c TFG | ||
| 999 | |c 17266 |d 17266 | ||
